Zum Stellenwert der Kritikfähigkeit in Lehre und Prüfung: Skizze einer Studie zum Umgang mit höchstrichterlicher Rechtsprechung in der universitären Juristenausbildung
Saved in:
| Main Author: | |
|---|---|
| Format: | Chapter/Article |
| Language: | German |
| Published: |
2025
|
| In: |
Rechtsprechung in Wissenschaft, Praxis und Lehre
Year: 2025, Pages: 343-353 |
| Online Access: |
|
| Author Notes: | Thomas Lobinger |
MARC
| LEADER | 00000caa a2200000 c 4500 | ||
|---|---|---|---|
| 001 | 1925491447 | ||
| 003 | DE-627 | ||
| 005 | 20251030090809.0 | ||
| 007 | tu | ||
| 008 | 250513s2025 xx ||||| 00| ||ger c | ||
| 035 | |a (DE-627)1925491447 | ||
| 035 | |a (DE-599)KXP1925491447 | ||
| 040 | |a DE-627 |b ger |c DE-627 |e rda | ||
| 041 | |a ger | ||
| 084 | |a 19 |2 sdnb | ||
| 100 | 1 | |a Lobinger, Thomas |d 1966- |e VerfasserIn |0 (DE-588)121248194 |0 (DE-627)081181469 |0 (DE-576)177640367 |4 aut | |
| 245 | 1 | 0 | |a Zum Stellenwert der Kritikfähigkeit in Lehre und Prüfung |b Skizze einer Studie zum Umgang mit höchstrichterlicher Rechtsprechung in der universitären Juristenausbildung |c Thomas Lobinger |
| 264 | 1 | |c 2025 | |
| 300 | |a 11 | ||
| 336 | |a Text |b txt |2 rdacontent | ||
| 337 | |a ohne Hilfsmittel zu benutzen |b n |2 rdamedia | ||
| 338 | |a Band |b nc |2 rdacarrier | ||
| 773 | 0 | 8 | |i Enthalten in |t Rechtsprechung in Wissenschaft, Praxis und Lehre |b 1. Auflage |d Baden-Baden : Nomos, 2025 |g (2025), Seite 343-353 |h 1541 Seiten |w (DE-627)1913872017 |z 9783756029914 |z 3756029913 |7 nnam |a Zum Stellenwert der Kritikfähigkeit in Lehre und Prüfung Skizze einer Studie zum Umgang mit höchstrichterlicher Rechtsprechung in der universitären Juristenausbildung |
| 773 | 1 | 8 | |g year:2025 |g pages:343-353 |g extent:11 |a Zum Stellenwert der Kritikfähigkeit in Lehre und Prüfung Skizze einer Studie zum Umgang mit höchstrichterlicher Rechtsprechung in der universitären Juristenausbildung |
| 951 | |a AR | ||
| 992 | |a 20251030 | ||
| 993 | |a BookComponentPart | ||
| 994 | |a 2025 | ||
| 998 | |g 121248194 |a Lobinger, Thomas |m 121248194:Lobinger, Thomas |d 20000 |d 21000 |e 20000PL121248194 |e 21000PL121248194 |k 0/20000/ |k 1/20000/21000/ |p 1 |x j |y j | ||
| 999 | |a KXP-PPN1925491447 |e 4794562020 | ||
| BIB | |a Y | ||
| JSO | |a {"language":["ger"],"origin":[{"dateIssuedKey":"2025","dateIssuedDisp":"2025"}],"title":[{"title_sort":"Zum Stellenwert der Kritikfähigkeit in Lehre und Prüfung","subtitle":"Skizze einer Studie zum Umgang mit höchstrichterlicher Rechtsprechung in der universitären Juristenausbildung","title":"Zum Stellenwert der Kritikfähigkeit in Lehre und Prüfung"}],"person":[{"given":"Thomas","display":"Lobinger, Thomas","role":"aut","family":"Lobinger"}],"name":{"displayForm":["Thomas Lobinger"]},"id":{"eki":["1925491447"]},"physDesc":[{"extent":"11 S."}],"type":{"bibl":"chapter"},"recId":"1925491447","relHost":[{"origin":[{"publisher":"Nomos","dateIssuedDisp":"2025","publisherPlace":"Baden-Baden","dateIssuedKey":"2025","edition":"1. Auflage","editionNo":"1"}],"title":[{"title":"Rechtsprechung in Wissenschaft, Praxis und Lehre","subtitle":"Festschrift für Barbara Dauner-Lieb","title_sort":"Rechtsprechung in Wissenschaft, Praxis und Lehre"}],"id":{"eki":["1913872017"],"isbn":["9783756029914","3756029913"]},"type":{"bibl":"edited-book"},"physDesc":[{"noteIll":"1 Porträt","extent":"1541 Seiten"}],"recId":"1913872017","person":[{"family":"Kalss","role":"edt","given":"Susanne","display":"Kalss, Susanne"},{"given":"Anne","display":"Sanders, Anne","family":"Sanders","role":"edt"},{"given":"Bernd","display":"Scheiff, Bernd","role":"edt","family":"Scheiff"},{"given":"Arnd","display":"Arnold, Arnd","role":"edt","family":"Arnold"},{"role":"edt","family":"Flume","given":"Johannes W.","display":"Flume, Johannes W."},{"given":"Ann-Marie","display":"Kaulbach, Ann-Marie","role":"edt","family":"Kaulbach"},{"display":"Scheliha, Henrike von","given":"Henrike von","family":"Scheliha","role":"edt"},{"display":"Dauner-Lieb, Barbara","given":"Barbara","role":"hnr","family":"Dauner-Lieb"}],"name":{"displayForm":["Susanne Kalss, Anne Sanders, Bernd Scheiff, Arnd Arnold, Johannes W. Flume, Ann-Marie Kaulbach, Henrike von Scheliha (Hrsg.)"]},"language":["ger"],"note":["Publikationsverzeichnis von Frau Prof. Dr. Dr. h.c. Barbara Dauner-Lieb: Seite 17-31"],"disp":"Zum Stellenwert der Kritikfähigkeit in Lehre und Prüfung Skizze einer Studie zum Umgang mit höchstrichterlicher Rechtsprechung in der universitären JuristenausbildungRechtsprechung in Wissenschaft, Praxis und Lehre","part":{"year":"2025","pages":"343-353","extent":"11","text":"(2025), Seite 343-353"}}]} | ||
| SRT | |a LOBINGERTHZUMSTELLEN2025 | ||